MARC details
| 000 -LEADER |
| fixed length control field |
02003cam a22003135a 4500 |
| 001 - CONTROL NUMBER |
| control field |
14438240 |
| 005 - DATE AND TIME OF LATEST TRANSACTION |
| control field |
20171127124219.0 |
| 008 - FIXED-LENGTH DATA ELEMENTS--GENERAL INFORMATION |
| fixed length control field |
060705t2006 miu frb 001 0 eng d |
| 020 ## - INTERNATIONAL STANDARD BOOK NUMBER |
| International Standard Book Number |
0737733942 |
| 020 ## - INTERNATIONAL STANDARD BOOK NUMBER |
| International Standard Book Number |
9780737733945 |
| 040 ## - CATALOGING SOURCE |
| Original cataloging agency |
DLC |
| Transcribing agency |
DLC |
| Modifying agency |
IG# |
| -- |
BAKER |
| -- |
QBX |
| -- |
YDXCP |
| -- |
BUR |
| -- |
DLC |
| -- |
EG-ScBUE |
| Language of cataloging |
eng |
| 043 ## - GEOGRAPHIC AREA CODE |
| Geographic area code |
aw----- |
| -- |
n-us--- |
| 082 04 - DEWEY DECIMAL CLASSIFICATION NUMBER |
| Classification number |
320.956 |
| Edition number |
22 |
| Item number |
CAN |
| 245 00 - TITLE STATEMENT |
| Title |
Can democracy succeed in the Middle East ? / |
| Statement of responsibility, etc |
editor Jann Einfeld. |
| 260 ## - PUBLICATION, DISTRIBUTION, ETC. (IMPRINT) |
| Place of publication, distribution, etc |
Farmington Hills : |
| Name of publisher, distributor, etc |
Greenhaven Press, |
| Date of publication, distribution, etc |
c.2006. |
| 300 ## - PHYSICAL DESCRIPTION |
| Extent |
126 p. ; |
| Dimensions |
24 cm. |
| 490 0# - Series Statement |
| Series statement |
At issue : International politics. |
| 504 ## - BIBLIOGRAPHY, ETC. NOTE |
| Bibliography, etc |
Includes bibliographical references and index. |
| 505 00 - FORMATTED CONTENTS NOTE |
| Title |
Democracy can succeed in the Middle East / |
| Statement of responsibility |
Condoleeza Rice -- |
| Title |
Democracy cannot succeed in the Middle East / |
| Statement of responsibility |
Michael Stent -- |
| Title |
The United States can bring democracy to the Middle East / |
| Statement of responsibility |
Karl Zinsmeister -- |
| Title |
U.S.-imposed democracy cannot succeed in the Middle East / |
| Statement of responsibility |
Wesley Clark -- |
| Title |
Democracy in Iraq can succeed / |
| Statement of responsibility |
Adeed Dawisha -- |
| Title |
Democracy in Iraq will fail / |
| Statement of responsibility |
Robert Fisk -- |
| Title |
Islamic culture provides a sound basis for democracy / |
| Statement of responsibility |
Bernard Lewis -- |
| Title |
Islamic culture is not compatible with democracy / |
| Statement of responsibility |
Roger Scruton -- |
| Title |
Many in the Middle East are eager for democracy / |
| Statement of responsibility |
Fouad Ajami -- |
| Title |
Many in the Middle East favor authoritarian, Islamist regimes / |
| Statement of responsibility |
Fareed Zakaria -- |
| Title |
Women's rights are essential to democracy in the Middle East / |
| Statement of responsibility |
Pippa Norris and Ronald Inglehart -- |
| Title |
Women's rights are not essential to democracy in the Middle East / |
| Statement of responsibility |
Marina S. Ottaway. |
| 650 #7 - SUBJECT ADDED ENTRY--TOPICAL TERM |
| Topical term or geographic name as entry element |
Democracy |
| Geographic subdivision |
Middle East. |
| Source of heading or term |
BUEsh |
| 9 (RLIN) |
11825 |
| 650 #7 - SUBJECT ADDED ENTRY--TOPICAL TERM |
| Topical term or geographic name as entry element |
Democratization |
| Geographic subdivision |
Middle East. |
| Source of heading or term |
BUEsh |
| 9 (RLIN) |
11823 |
| 651 #7 - SUBJECT ADDED ENTRY--GEOGRAPHIC NAME |
| Geographic name |
Middle East |
| General subdivision |
Politics and government |
| Chronological subdivision |
1979- |
| Source of heading or term |
BUEsh |
| 9 (RLIN) |
5089 |
| 651 #7 - SUBJECT ADDED ENTRY--GEOGRAPHIC NAME |
| Geographic name |
United States |
| General subdivision |
Foreign relations |
| Geographic subdivision |
Middle East. |
| Source of heading or term |
BUEsh |
| 9 (RLIN) |
11042 |
| 653 ## - INDEX TERM--UNCONTROLLED |
| Resource For college |
BAEPS, Political Science |
| Arrived date list |
November2017 |
| 655 ## - INDEX TERM--GENRE/FORM |
| Form subdivision |
Text book |
| -- |
33728 |
| 651 #7 - SUBJECT ADDED ENTRY--GEOGRAPHIC NAME |
| 9 (RLIN) |
11041 |
| Geographic name |
Middle East |
| General subdivision |
Foreign relations |
| Geographic subdivision |
United States |
| Source of heading or term |
BUEsh |
| 700 1# - ADDED ENTRY--PERSONAL NAME |
| Personal name |
Einfeld, Jann, |
| Relator term |
editor. |
| 942 ## - ADDED ENTRY ELEMENTS (KOHA) |
| Source of classification or shelving scheme |
Dewey Decimal Classification |